[Event "NATO Chess Championship 2010"]
[Site "Koege"]
[Date "2010.10.22"]
[Round "7.1"]
[White "Goksel, Doga Cihan"]
[Black "Drabke, Lorenz"]
[Result "0-1"]
[WhiteElo "2264"]
[BlackElo "2435"]
[PlyCount "84"]
[EventDate "2010.??.??"]

1. Nf3 d5 2. d4 Nf6 3. c4 c6 4. Nc3 dxc4 5. a4 Bf5 6. e3 e6 7. Bxc4 Bb4 8. O-O
O-O 9. Qe2 Bg4 10. h3 Bh5 11. Rd1 Nbd7 12. e4 Qe7 13. g4 Bg6 14. e5 Nd5 15.
Nxd5 cxd5 16. Bd3 Rac8 17. Bf4 Rc6 18. Kg2 Bxd3 19. Qxd3 Rfc8 20. Rac1 Qd8 21.
Rxc6 Rxc6 22. Rc1 Qc7 23. Rxc6 bxc6 24. h4 Qa5 25. b3 c5 26. h5 cxd4 27. Ng5
Nf8 28. Qxd4 Bc3 29. Qd3 h6 30. Nf3 Nd7 31. g5 Qb4 32. g6 fxg6 33. Bg3 gxh5 34.
Qg6 Nf8 35. Qxh5 Qxb3 36. Bh4 Qxa4 37. Be7 Qf4 38. Qe8 Qg4+ 39. Kf1 Qxf3 40.
Bxf8 Qxf8 41. Qxe6+ Kh8 42. Qxd5 Qf5 0-1

[Event "NATO Chess Championship 2010"]
[Site "Koege"]
[Date "2010.10.22"]
[Round "7.2"]
[White "Wantiez, Fabrice"]
[Black "Pedersen, Finn"]
[Result "1-0"]
[WhiteElo "2327"]
[BlackElo "2292"]
[PlyCount "85"]
[EventDate "2010.??.??"]

1. e4 c6 2. Nc3 d5 3. Nf3 dxe4 4. Nxe4 Bf5 5. Ng3 Bg6 6. h4 h6 7. Ne5 Bh7 8.
Qh5 g6 9. Qf3 Nf6 10. Bc4 e6 11. d4 Bg7 12. Ne4 g5 13. Nxf6+ Qxf6 14. Qb3 b6
15. hxg5 hxg5 16. Be3 Be4 17. O-O-O Nd7 18. Rxh8+ Bxh8 19. f3 Bd5 20. Bxd5 exd5
21. Nxd7 Kxd7 22. Qd3 b5 23. Qd2 Qf5 24. Bxg5 Bxd4 25. g4 Qe5 26. Qxd4 Qxg5+
27. Kb1 Qe7 28. a4 a6 29. Qb6 Rc8 30. Qxa6 Qe2 31. Rd3 Qe1+ 32. Ka2 bxa4 33.
Qxa4 Qe5 34. c4 Ke7 35. cxd5 cxd5 36. Qb4+ Kf6 37. Qb6+ Kg5 38. Qa5 f5 39. Qxd5
Qc7 40. Qxf5+ Kh4 41. Qh5+ Kg3 42. f4+ Kxf4 43. Qf5# 1-0

[Event "NATO Chess Championship 2010"]
[Site "Koege"]
[Date "2010.10.22"]
[Round "7.3"]
[White "Schenk, Andreas"]
[Black "Szczesniak, Andrzej"]
[Result "1-0"]
[WhiteElo "2519"]
[BlackElo "2053"]
[PlyCount "75"]
[EventDate "2010.??.??"]

1. d4 Nf6 2. c4 e6 3. Nc3 Bb4 4. Nf3 c5 5. g3 Nc6 6. Bg2 d5 7. cxd5 Nxd5 8. Bd2
cxd4 9. Nxd4 Nxd4 10. Nxd5 Bxd2+ 11. Qxd2 Nc6 12. Qe3 Qa5+ 13. Nc3 Nb4 14. Qc1
Nd5 15. Bxd5 exd5 16. Qg5 O-O 17. Qxd5 Qb6 18. Qb5 Qg6 19. O-O a6 20. Qb4 Be6
21. Rfd1 Qh5 22. Rd4 b5 23. Qa5 Rfe8 24. Rad1 h6 25. Rd8 Kh7 26. Rxe8 Rxe8 27.
Qb6 Bc4 28. Qc6 Rb8 29. b3 Be6 30. Qxa6 Bg4 31. Rd5 Qh3 32. Qd6 Rc8 33. Rc5 Re8
34. Qd3+ g6 35. Ne4 Re6 36. Rc7 Bf5 37. Rxf7+ Kg8 38. Qd7 1-0

[Event "NATO Chess Championship 2010"]
[Site "Koege"]
[Date "2010.10.22"]
[Round "7.4"]
[White "Helbig, Mark"]
[Black "Skindzier, Saturnin"]
[Result "1-0"]
[WhiteElo "2366"]
[BlackElo "2173"]
[PlyCount "116"]
[EventDate "2010.??.??"]
[WhiteTeam "GER"]
[BlackTeam "POL"]

1. e4 c5 2. Nf3 Nc6 3. d4 cxd4 4. Nxd4 e5 5. Nb5 d6 6. N1c3 a6 7. Na3 Be6 8.
Nc4 b5 9. Ne3 Nf6 10. g3 Be7 11. Bg2 O-O 12. O-O Rc8 13. Ncd5 Na5 14. b3 Nxd5
15. Nxd5 Bxd5 16. Qxd5 Rxc2 17. Bh3 Bg5 18. Qd3 Rc6 19. Bxg5 Qxg5 20. a4 b4 21.
Qd5 Qd8 22. Rac1 Rxc1 23. Rxc1 Qb6 24. Bf1 g6 25. Rc2 Kg7 26. h4 h5 27. Be2 Re8
28. Bf1 Re6 29. Kg2 Re8 30. Bc4 Re7 31. Qa8 Rc7 32. Qd8 Nb7 33. Qb8 Qc6 34. Kf3
Rc8 35. Qa7 a5 36. Re2 Rc7 37. Bd5 Qd7 38. Kg2 Nc5 39. Qxa5 Nd3 40. Re3 Nf4+
41. gxf4 exf4 42. Qxb4 Qg4+ 43. Kf1 fxe3 44. Qd4+ Kh7 45. Qxe3 Qxh4 46. Kg2 Qf6
47. Qf3 Qg7 48. a5 Rc3 49. Qxf7 Qxf7 50. Bxf7 Kg7 51. Bd5 Rc1 52. a6 Ra1 53.
Bb7 Kf6 54. b4 g5 55. b5 g4 56. b6 h4 57. a7 h3+ 58. Kg3 Rg1+ 1-0

[Event "NATO Chess Championship 2010"]
[Site "Koege"]
[Date "2010.10.22"]
[Round "7.5"]
[White "Sypien, Mateusz"]
[Black "Jauk, Wilhelm"]
[Result "1/2-1/2"]
[WhiteElo "2265"]
[BlackElo "2168"]
[PlyCount "39"]
[EventDate "2010.??.??"]

1. e4 Nf6 2. Nc3 d5 3. exd5 Nxd5 4. Nxd5 Qxd5 5. d4 Bf5 6. c3 c6 7. Nf3 e6 8.
Be2 Be7 9. O-O O-O 10. Ne5 Qd8 11. Bc4 Nd7 12. Qe2 Nxe5 13. dxe5 b5 14. Rd1 Qc7
15. Bb3 a6 16. a4 Rfd8 17. Bf4 Rxd1+ 18. Rxd1 Rd8 19. h3 h6 20. axb5 1/2-1/2

[Event "NATO Chess Championship 2010"]
[Site "Koege"]
[Date "2010.10.22"]
[Round "7.6"]
[White "Alaslar, Devrim"]
[Black "Rosenkilde, Alexander"]
[Result "1-0"]
[WhiteElo "2167"]
[BlackElo "2206"]
[PlyCount "51"]
[EventDate "2010.??.??"]

1. e4 c5 2. Nf3 Nc6 3. d4 cxd4 4. Nxd4 Nf6 5. Nc3 e5 6. Ndb5 d6 7. Bg5 a6 8.
Na3 b5 9. Nd5 Be7 10. Bxf6 Bxf6 11. c4 b4 12. Nc2 a5 13. g3 O-O 14. Bg2 Bg5 15.
O-O Be6 16. Qd3 Rb8 17. b3 Rb7 18. Rad1 Rd7 19. f4 Bh6 20. Nde3 f6 21. Nf5 Qb6+
22. Qe3 Qxe3+ 23. Ncxe3 Rfd8 24. Rd3 Kf7 25. Nxh6+ gxh6 26. f5 1-0

[Event "NATO Chess Championship 2010"]
[Site "Koege"]
[Date "2010.10.22"]
[Round "7.7"]
[White "Kedzierski, Slawomir"]
[Black "Andersen, Hans-Christoph"]
[Result "1/2-1/2"]
[WhiteElo "2102"]
[BlackElo "2205"]
[PlyCount "24"]
[EventDate "2010.??.??"]
[WhiteTeam "NATO"]
[BlackTeam "GER"]

1. Nf3 d6 2. d4 Bg4 3. e3 Nf6 4. Be2 e6 5. c4 Be7 6. O-O O-O 7. Nc3 c5 8. b3
Nc6 9. Bb2 cxd4 10. Nxd4 Bxe2 11. Qxe2 Rc8 12. Rfd1 a6 1/2-1/2

[Event "NATO Chess Championship 2010"]
[Site "Koege"]
[Date "2010.10.22"]
[Round "7.10"]
[White "Schott, Guido"]
[Black "Lazar, Ales"]
[Result "1/2-1/2"]
[WhiteElo "2174"]
[BlackElo "2146"]
[PlyCount "39"]
[EventDate "2010.??.??"]

1. e4 c5 2. Nf3 g6 3. d3 Nc6 4. g3 Bg7 5. Bg2 d6 6. c3 Qc7 7. Na3 a6 8. O-O Nf6
9. Re1 O-O 10. h3 e6 11. Be3 b6 12. Qd2 Bb7 13. Bh6 Ne5 14. Bxg7 Nxf3+ 15. Bxf3
Kxg7 16. Nc2 Rad8 17. Rad1 b5 18. h4 h5 19. a3 Rfe8 20. c4 1/2-1/2

[Event "NATO Chess Championship 2010"]
[Site "Koege"]
[Date "2010.10.22"]
[Round "7.11"]
[White "Ozkan, Ervin"]
[Black "Ranario, Dan"]
[Result "1/2-1/2"]
[WhiteElo "2220"]
[BlackElo "2070"]
[PlyCount "63"]
[EventDate "2010.??.??"]

1. d4 Nf6 2. Nf3 e6 3. Bf4 b6 4. e3 Bb7 5. Bd3 d6 6. Nbd2 Nbd7 7. O-O Qe7 8. e4
e5 9. Bg3 g6 10. dxe5 Nxe5 11. Nxe5 dxe5 12. Nf3 Nd7 13. Bh4 f6 14. Qe2 h5 15.
Bg3 g5 16. h4 g4 17. Nd2 O-O-O 18. a4 Nc5 19. Nc4 Nxd3 20. cxd3 Qd7 21. Rfd1 a5
22. Rac1 Qd4 23. Qc2 Rh7 24. Kh2 Bh6 25. Rb1 Bf8 26. f3 Bc5 27. f4 exf4 28.
Bxf4 Qf2 29. Qxf2 Bxf2 30. Rbc1 Rhd7 31. g3 Bd4 32. Rd2 1/2-1/2

[Event "NATO Chess Championship 2010"]
[Site "Koege"]
[Date "2010.10.22"]
[Round "7.12"]
[White "Lustig, Mickael"]
[Black "Mestek, Igor"]
[Result "0-1"]
[WhiteElo "2027"]
[BlackElo "2199"]
[PlyCount "102"]
[EventDate "2010.??.??"]
[WhiteTeam "NATO"]
[BlackTeam "SLO"]

1. e4 Nf6 2. e5 Nd5 3. c4 Nb6 4. d4 d6 5. f4 dxe5 6. fxe5 Nc6 7. c5 Nd5 8. Nc3
Bf5 9. Bb5 e6 10. Nf3 Be7 11. Qb3 O-O 12. Nxd5 Qxd5 13. Qxd5 exd5 14. Bxc6 bxc6
15. Bf4 Rfb8 16. b3 Rb4 17. O-O Bd3 18. Rf2 Be4 19. Bd2 Rbb8 20. Ng5 Bg6 21.
Re1 a5 22. Nh3 a4 23. b4 a3 24. Rf3 Be4 25. Rb3 Ra4 26. Nf2 Bc2 27. Rc3 Bf5 28.
Rf3 Bg6 29. Rb3 Bh4 30. Rh3 Be7 31. Rb3 h6 32. Nh3 Bc2 33. Rc3 Bf5 34. Rf3 Be4
35. Rg3 Bh4 36. Rxe4 dxe4 37. Rg4 e3 38. Bxe3 Rbxb4 39. Rxh4 Rb1+ 40. Kf2 Rb2+
41. Kf3 Rxa2 42. Rg4 Kf8 43. Nf4 Rb2 44. e6 Rb3 45. d5 Ra8 46. d6 a2 47. e7+
Ke8 48. Rxg7 a1=Q 49. Rg8+ Kd7 50. Rxa8 Qxa8 51. Nh5 cxd6 0-1

[Event "NATO Chess Championship 2010"]
[Site "Koege"]
[Date "2010.10.22"]
[Round "7.13"]
[White "Redman, Michael"]
[Black "Franck, Boris"]
[Result "1/2-1/2"]
[WhiteElo "2152"]
[BlackElo "2105"]
[PlyCount "29"]
[EventDate "2010.??.??"]
[WhiteTeam "UK"]
[BlackTeam "FRA"]

1. e4 {[%emt 0:00:00]} g6 2. Nf3 Bg7 3. d4 d6 4. Bc4 c6 5. Bb3 Nf6 6. Qe2 O-O
7. O-O Bg4 8. Nbd2 e5 9. dxe5 dxe5 10. h3 Bxf3 11. Nxf3 Na6 12. c3 Nc5 13. Bc2
Qc7 14. Nh2 Nh5 15. g3 1/2-1/2

[Event "NATO Chess Championship 2010"]
[Site "Koege"]
[Date "2010.10.22"]
[Round "7.14"]
[White "Geroely, Jozsef"]
[Black "Bucholtz, Robert"]
[Result "1-0"]
[WhiteElo "1982"]
[BlackElo "2139"]
[PlyCount "91"]
[EventDate "2010.??.??"]

1. Nf3 d5 2. g3 Nf6 3. Bg2 c5 4. d4 Nc6 5. O-O e6 6. a3 a6 7. dxc5 Bxc5 8. b4
Bd6 9. Bb2 O-O 10. Nbd2 e5 11. c4 d4 12. Ng5 h6 13. Nge4 Nxe4 14. Nxe4 Be7 15.
Nd2 Be6 16. Rc1 Rc8 17. Nb3 Qb6 18. c5 Qc7 19. f4 exf4 20. gxf4 Bxb3 21. Qxb3
Bf6 22. e4 g5 23. e5 Bg7 24. e6 Kh8 25. fxg5 fxe6 26. Qxe6 Qe5 27. Qxe5 Bxe5
28. gxh6 Kh7 29. Rce1 Bf4 30. Bc1 Bxc1 31. Rxc1 Kxh6 32. Rcd1 Rxf1+ 33. Rxf1
Kg6 34. Be4+ Kg7 35. Rf5 Ne7 36. Rf3 Rc7 37. Kf2 a5 38. Ke2 axb4 39. axb4 Ng8
40. Kd3 Rd7 41. Rg3+ Kf8 42. Rf3+ Kg7 43. Rg3+ Kf8 44. Rg6 Kf7 45. Rb6 Ke8 46.
Rxb7 1-0

[Event "NATO Chess Championship 2010"]
[Site "Koege"]
[Date "2010.10.22"]
[Round "7.15"]
[White "Pirs, Matjaz"]
[Black "Nielsen, Jan Mose"]
[Result "1/2-1/2"]
[WhiteElo "1934"]
[BlackElo "2127"]
[PlyCount "36"]
[EventDate "2010.??.??"]
[WhiteTeam "SLO"]
[BlackTeam "DEN"]

1. e4 c5 2. Nf3 d6 3. d4 cxd4 4. Qxd4 Bd7 5. Be3 Nc6 6. Qd2 Nf6 7. Nc3 g6 8. h3
Qa5 9. Bd3 Bg7 10. Bh6 O-O 11. Bxg7 Kxg7 12. O-O Rac8 13. a3 Qh5 14. Qe3 Rfe8
15. Rad1 a6 16. Nd5 Ne5 17. Nxe5 Qxe5 18. Nxf6 exf6 1/2-1/2

[Event "NATO Chess Championship 2010"]
[Site "Koege"]
[Date "2010.10.22"]
[Round "7.16"]
[White "Krainski, Slawomir"]
[Black "Steffers, Hendrik"]
[Result "1-0"]
[WhiteElo "2115"]
[BlackElo "1960"]
[PlyCount "71"]
[EventDate "2010.??.??"]

1. e4 c5 2. c3 Nc6 3. d4 cxd4 4. cxd4 d5 5. exd5 Qxd5 6. Nf3 Bg4 7. Be2 e6 8.
Nc3 Bb4 9. O-O Bxc3 10. bxc3 Nge7 11. h3 Bf5 12. Ba3 O-O 13. Qb3 Qd7 14. Bb5
Rfc8 15. Ne5 Qc7 16. Rfe1 a6 17. Bf1 Ng6 18. Nxc6 Qxc6 19. c4 Nf8 20. Rac1 Rd8
21. Bb2 Qc7 22. Qc3 Nd7 23. d5 e5 24. c5 f6 25. a4 Nf8 26. Red1 Kh8 27. a5 Qf7
28. Bc4 Qg6 29. Ba3 Bd7 30. Rb1 Rab8 31. Ba2 Bb5 32. c6 bxc6 33. dxc6 Rdc8 34.
Qb3 Ne6 35. Qxe6 Rxc6 36. Qxc6 1-0

[Event "NATO Chess Championship 2010"]
[Site "Koege"]
[Date "2010.10.22"]
[Round "7.17"]
[White "Harwood, Duncan"]
[Black "Marti, Gyoergy"]
[Result "1-0"]
[WhiteElo "1939"]
[BlackElo "2225"]
[PlyCount "65"]
[EventDate "2010.??.??"]

1. f4 d5 2. Nf3 g6 3. e3 Bg7 4. Be2 Nf6 5. O-O O-O 6. d3 c5 7. Qe1 Nc6 8. Qh4
Nd7 9. Nc3 d4 10. exd4 cxd4 11. Ne4 e6 12. Qg3 b6 13. h4 h5 14. Nfg5 Nf6 15.
Nxf6+ Bxf6 16. Bf3 Bb7 17. Nxe6 fxe6 18. Qxg6+ Kh8 19. Be4 Qe7 20. Qxh5+ Kg8
21. Rf3 Rf7 22. f5 Ne5 23. Rg3+ Rg7 24. Rxg7+ Bxg7 25. Bg5 Qc7 26. Bxb7 Qxb7
27. f6 Bh8 28. Bf4 Nf7 29. Qg6+ Kf8 30. Rf1 Rc8 31. Bh6+ Nxh6 32. Qxh6+ Kg8 33.
Rf4 1-0

[Event "NATO Chess Championship 2010"]
[Site "Koege"]
[Date "2010.10.22"]
[Round "7.18"]
[White "Nielsen, Henrik Lindholt"]
[Black "Olteán, Gusztáv"]
[Result "1-0"]
[WhiteElo "2008"]
[BlackElo "2152"]
[PlyCount "75"]
[EventDate "2010.??.??"]
[WhiteTeam "DEN"]
[BlackTeam "HUN"]

1. d4 e6 2. Nf3 c5 3. c3 Nf6 4. g3 b6 5. Bg2 Bb7 6. O-O d6 7. Re1 Nbd7 8. Nbd2
Qc7 9. e4 e5 10. d5 g6 11. c4 Bg7 12. Nb1 O-O 13. Nc3 a6 14. h3 Rad8 15. Be3 h6
16. Rf1 Kh7 17. Nh2 Bc8 18. Qe2 Nh5 19. a4 Ndf6 20. Rfe1 Bd7 21. Nf1 Rde8 22.
Nd2 Re7 23. Kh2 Ng8 24. Rf1 Be8 25. Bf3 Nhf6 26. Bg2 Bd7 27. f4 exf4 28. gxf4
Nh5 29. Bf3 Ngf6 30. Rae1 Qc8 31. Qg2 Qe8 32. b3 Qb8 33. Be2 Rfe8 34. Bd3 Nxe4
35. Ncxe4 f5 36. Rg1 fxe4 37. Qxg6+ Kh8 38. Nxe4 1-0

[Event "NATO Chess Championship 2010"]
[Site "Koege"]
[Date "2010.10.22"]
[Round "7.19"]
[White "Koopmeiners, Karl"]
[Black "Picart, Laurent"]
[Result "1/2-1/2"]
[WhiteElo "2011"]
[BlackElo "2139"]
[PlyCount "25"]
[EventDate "2010.??.??"]
[WhiteTeam "NATO"]
[BlackTeam "FRA"]

1. d4 Nf6 2. c4 e6 3. Nf3 Bb4+ 4. Bd2 Qe7 5. g3 Nc6 6. Bg2 a5 7. O-O Bxd2 8.
Qxd2 O-O 9. Nc3 d6 10. d5 Nb8 11. dxe6 Bxe6 12. Nd4 c6 13. b3 1/2-1/2

[Event "NATO Chess Championship 2010"]
[Site "Koege"]
[Date "2010.10.22"]
[Round "7.20"]
[White "Kersic, Matej"]
[Black "Adkins, James"]
[Result "1-0"]
[WhiteElo "2139"]
[BlackElo "2022"]
[PlyCount "117"]
[EventDate "2010.??.??"]

1. e4 g6 2. d4 Bg7 3. Nc3 d6 4. Be3 Nf6 5. f3 O-O 6. Bc4 c6 7. a4 e5 8. Nge2
Nbd7 9. O-O Qe7 10. a5 Rd8 11. d5 c5 12. Qd2 h5 13. Bg5 Kh7 14. Na4 Qf8 15. c3
Bh6 16. b4 cxb4 17. cxb4 Bxg5 18. Qxg5 Qh6 19. Qxh6+ Kxh6 20. Rfc1 Nf8 21. Bb5
Bd7 22. Bxd7 N8xd7 23. Rc7 Rab8 24. Rac1 Ne8 25. R7c2 Kg7 26. Nec3 a6 27. Nb6
Nxb6 28. axb6 Rdc8 29. Na4 Rxc2 30. Rxc2 Kf8 31. Kf2 Ke7 32. Ke3 Kd7 33. Nb2 f5
34. Kd3 fxe4+ 35. fxe4 Ra8 36. Nc4 Rc8 37. Rf2 Ke7 38. Na5 Nf6 39. h3 Nd7 40.
Nxb7 Rb8 41. Na5 Rxb6 42. Nc6+ Ke8 43. Kc4 Rb7 44. Ra2 Rb6 45. Rf2 Rb7 46. Kc3
Rb6 47. g4 hxg4 48. hxg4 Rb7 49. g5 Rb6 50. Rf1 Rb7 51. Rf2 Rb6 52. Rh2 Nf8 53.
Kb3 Rb7 54. Ka4 Rf7 55. Ka5 Rf4 56. Kxa6 Rxe4 57. b5 Ra4+ 58. Kb7 Kf7 59. Kc7
1-0

[Event "NATO Chess Championship 2010"]
[Site "Koege"]
[Date "2010.10.22"]
[Round "7.21"]
[White "Kapral, Krzysztof"]
[Black "Rockhill, Nathaniel"]
[Result "1-0"]
[WhiteElo "2127"]
[BlackElo "1951"]
[PlyCount "67"]
[EventDate "2010.??.??"]

1. d4 Nc6 2. Nf3 d6 3. c4 Nf6 4. Nc3 Bg4 5. e4 e5 6. d5 Nd4 7. Be3 c5 8. dxc6
Bxf3 9. gxf3 Nxc6 10. Qd2 Qa5 11. Nd5 Qxd2+ 12. Kxd2 O-O-O 13. Rg1 Nd7 14. b4
Ne7 15. Nxe7+ Bxe7 16. Rxg7 d5 17. cxd5 Bxb4+ 18. Ke2 Rdf8 19. Bh3 b6 20. a3
Be7 21. a4 Kc7 22. a5 Nc5 23. axb6+ axb6 24. Ra7+ Nb7 25. f4 Bf6 26. Rg1 Ra8
27. Rc1+ Kb8 28. Rxa8+ Kxa8 29. Bxb6 exf4 30. Bc7 Re8 31. Kf3 Bg7 32. Rc6 Nd8
33. Rb6 Ka7 34. Bxd8 1-0

[Event "NATO Chess Championship 2010"]
[Site "Koege"]
[Date "2010.10.22"]
[Round "7.22"]
[White "Keough, Robert"]
[Black "Mottais, Francois"]
[Result "1/2-1/2"]
[WhiteElo "2114"]
[BlackElo "2071"]
[PlyCount "123"]
[EventDate "2010.??.??"]
[WhiteTeam "USA"]
[BlackTeam "FRA"]

1. e4 c5 2. Nc3 e6 3. g3 d6 4. Bg2 Nf6 5. d3 Be7 6. f4 Nc6 7. Nf3 h5 8. O-O d5
9. Ne5 Nxe5 10. fxe5 Ng4 11. exd5 Nxe5 12. dxe6 Bxe6 13. Bxb7 Rb8 14. Bg2 h4
15. Qe2 Ng4 16. Bc6+ Bd7 17. Bf3 Nf6 18. Nd5 Be6 19. Nxe7 Qxe7 20. Qe5 Rb6 21.
Bg5 hxg3 22. hxg3 Qd6 23. Bxf6 gxf6 24. Qxd6 Rxd6 25. Rae1 Kf8 26. Be4 Kg7 27.
Rf4 c4 28. Ref1 cxd3 29. Bxd3 Bxa2 30. Rg4+ Kf8 31. Rb4 Kg7 32. b3 a5 33. Rg4+
Kf8 34. Bb5 Rh5 35. Ba4 Rc5 36. c4 Rd3 37. Rxf6 Bxb3 38. Bxb3 Rxb3 39. Kg2 Rb4
40. Rgf4 Rc7 41. R6f5 a4 42. Ra5 Rcxc4 43. Rxc4 Rxc4 44. Ra7 Kg7 45. Ra8 f6 46.
Kh3 Kg6 47. Ra5 f5 48. Ra6+ Kg5 49. Kg2 Rc2+ 50. Kf3 Rc3+ 51. Kf2 Ra3 52. Ra8
Ra1 53. Ra6 a3 54. Ra8 a2 55. Kg2 Kf6 56. Ra5 Ke6 57. Kh2 Kd6 58. Kg2 Kc6 59.
Ra8 Kc5 60. Rc8+ Kb6 61. Ra8 Kc5 62. Rc8+ 1/2-1/2

[Event "NATO Chess Championship 2010"]
[Site "Koege"]
[Date "2010.10.22"]
[Round "7.23"]
[White "Engelen, Johan"]
[Black "Kiss, József István"]
[Result "1/2-1/2"]
[WhiteElo "1958"]
[BlackElo "2105"]
[PlyCount "59"]
[EventDate "2010.??.??"]
[WhiteTeam "NED"]
[BlackTeam "HUN"]

1. c4 c6 2. g3 d5 3. Bg2 Nf6 4. Nf3 Bf5 5. O-O e6 6. b3 Bd6 7. Bb2 O-O 8. d3
Qc7 9. Qc2 Nbd7 10. Nbd2 Bg6 11. Rac1 Rfd8 12. Nh4 a5 13. Nxg6 hxg6 14. a3 Be5
15. d4 Bd6 16. e4 dxe4 17. Nxe4 Nxe4 18. Bxe4 Nf6 19. Bg2 Qe7 20. a4 Ba3 21.
Rcd1 Bxb2 22. Qxb2 Rd7 23. Rd3 Rad8 24. Rfd1 Qb4 25. Qc2 Qb6 26. Qc3 Qb4 27.
Qxb4 axb4 28. Kf1 Kf8 29. Ke2 Ke7 30. h4 1/2-1/2

[Event "NATO Chess Championship 2010"]
[Site "Koege"]
[Date "2010.10.22"]
[Round "7.24"]
[White "Demjén, Attila"]
[Black "Ledoux, Jean-Luc"]
[Result "0-1"]
[WhiteElo "2026"]
[BlackElo "2084"]
[PlyCount "64"]
[EventDate "2010.??.??"]
[WhiteTeam "HUN"]
[BlackTeam "FRA"]

1. e4 c6 2. d4 d5 3. exd5 cxd5 4. c4 Nf6 5. Nc3 e6 6. Nf3 Be7 7. a3 O-O 8. c5
Ne4 9. Qc2 f5 10. b4 Nc6 11. Bb5 Bf6 12. Bxc6 bxc6 13. O-O Qc7 14. a4 g5 15.
Bb2 Kh8 16. Ne5 Bxe5 17. dxe5 Nxc3 18. Bxc3 Bd7 19. f4 g4 20. Qf2 Qd8 21. Rfb1
a6 22. b5 cxb5 23. axb5 Bxb5 24. Ba5 Qe7 25. Bb4 Bc6 26. h3 Rg8 27. h4 g3 28.
Qd2 Bb5 29. Bc3 Qxh4 30. Rxb5 Qh2+ 31. Kf1 Qh1+ 32. Ke2 Qxg2+ 0-1

[Event "NATO Chess Championship 2010"]
[Site "Koege"]
[Date "2010.10.22"]
[Round "7.25"]
[White "Wagenaar, Harm Theo"]
[Black "Jose, Franco"]
[Result "1/2-1/2"]
[WhiteElo "2072"]
[BlackElo "2066"]
[PlyCount "84"]
[EventDate "2010.??.??"]

1. d4 Nf6 2. Nf3 g6 3. c4 Bg7 4. Nc3 O-O 5. Bg5 d6 6. e3 c6 7. Be2 Qa5 8. O-O
Bg4 9. Bh4 Nbd7 10. h3 Bxf3 11. Bxf3 e5 12. Bg3 Rfd8 13. Qb3 Qb6 14. Rfd1 Ne8
15. dxe5 dxe5 16. Qc2 Nc5 17. Rab1 Rxd1+ 18. Rxd1 Rd8 19. Rxd8 Qxd8 20. b4 Qd3
21. Qxd3 Nxd3 22. b5 Nd6 23. bxc6 bxc6 24. Bxc6 Nxc4 25. Bb5 Ncb2 26. Nd5 Bf8
27. Bh4 f5 28. Bd8 e4 29. Ba5 Bc5 30. Bc3 Kf7 31. Kf1 Ke6 32. Nf4+ Nxf4 33.
Bxb2 Nd3 34. Bc4+ Ke7 35. Bc3 h5 36. Ke2 Bb4 37. Bd4 Nc5 38. f3 exf3+ 39. gxf3
a5 40. Bb5 Ne6 41. Be5 g5 42. Bd3 f4 1/2-1/2

[Event "NATO Chess Championship 2010"]
[Site "Koege"]
[Date "2010.10.22"]
[Round "7.26"]
[White "Nilsson, Erik"]
[Black "Bellemare, Regis"]
[Result "1/2-1/2"]
[WhiteElo "2149"]
[BlackElo "1637"]
[PlyCount "72"]
[EventDate "2010.??.??"]

1. d4 Nf6 2. c4 e6 3. Nc3 Bb4 4. e3 b6 5. Bd3 Bb7 6. f3 O-O 7. Nge2 d5 8. cxd5
Nxd5 9. O-O Nf6 10. a3 Be7 11. b4 a5 12. b5 c6 13. bxc6 Nxc6 14. Rb1 Ba6 15.
Bxa6 Rxa6 16. Qd3 Qa8 17. Nb5 Qb7 18. e4 Rc8 19. Be3 Na7 20. Nec3 Nxb5 21. Nxb5
Ne8 22. Bf4 Rc6 23. Rfc1 Rxc1+ 24. Rxc1 Ra8 25. Qc4 Qd7 26. Qc6 Qxc6 27. Rxc6
Bd8 28. Kf2 Kf8 29. Ke3 Ke7 30. Kd3 Kd7 31. Rc4 Rc8 32. Na7 Rxc4 33. Kxc4 Bc7
34. Bxc7 Nxc7 35. Nb5 Na6 36. Na7 Nc7 1/2-1/2

[Event "NATO Chess Championship 2010"]
[Site "Koege"]
[Date "2010.10.22"]
[Round "7.27"]
[White "Christen, Pierre"]
[Black "van Run, Rieke"]
[Result "1/2-1/2"]
[WhiteElo "2007"]
[BlackElo "2120"]
[PlyCount "27"]
[EventDate "2010.??.??"]
[WhiteTeam "LUX"]
[BlackTeam "NED"]

1. Nf3 g6 2. c4 Bg7 3. Nc3 d6 4. b4 f5 5. Bb2 Nf6 6. Qb3 e6 7. g3 Nc6 8. Bg2
O-O 9. d3 Ng4 10. b5 Ne7 11. Nd1 c6 12. Bxg7 Kxg7 13. O-O c5 14. e3 1/2-1/2

[Event "NATO Chess Championship 2010"]
[Site "Koege"]
[Date "2010.10.22"]
[Round "7.28"]
[White "Kaygisiz, Ozgur Can"]
[Black "Baudin, Frederic"]
[Result "1/2-1/2"]
[WhiteElo "1892"]
[BlackElo "2096"]
[PlyCount "65"]
[EventDate "2010.??.??"]

1. e4 e5 2. Nf3 Nc6 3. Bc4 Nf6 4. d3 d5 5. exd5 Nxd5 6. h3 Be7 7. O-O O-O 8.
Re1 Bf6 9. Nbd2 Nb6 10. Bb3 a5 11. a3 a4 12. Ba2 Bf5 13. Ne4 Bxe4 14. Rxe4 Qd6
15. Bd2 Nd7 16. Rg4 Nc5 17. Ng5 Bxg5 18. Bxg5 Kh8 19. Rh4 Qg6 20. Be3 Ne6 21.
c3 f5 22. Bxe6 Qxe6 23. Qh5 Qg8 24. Rd1 g6 25. Qg5 Qf7 26. Bc5 Rfe8 27. d4 e4
28. d5 Ne5 29. d6 cxd6 30. Rxd6 Re6 31. Bd4 Kg8 32. Rd5 Nc6 33. Qd2 1/2-1/2

[Event "NATO Chess Championship 2010"]
[Site "Koege"]
[Date "2010.10.22"]
[Round "7.29"]
[White "Toll, Alec"]
[Black "Kruit, Erik"]
[Result "0-1"]
[WhiteElo "2095"]
[BlackElo "1887"]
[PlyCount "123"]
[EventDate "2010.??.??"]
[WhiteTeam "UK"]
[BlackTeam "NED"]

1. d4 Nf6 2. Nf3 g6 3. g3 Bg7 4. Bg2 d6 5. c3 O-O 6. O-O Nbd7 7. Re1 Ne4 8.
Nfd2 Nxd2 9. Nxd2 e5 10. dxe5 dxe5 11. Ne4 Qe7 12. Qb3 Nb6 13. Bg5 Qe6 14. Nc5
Qxb3 15. axb3 c6 16. Red1 Re8 17. Rd2 f6 18. Be3 Kf7 19. Rad1 Bf8 20. Na4 Nxa4
21. bxa4 Be6 22. a5 Rec8 23. b4 f5 24. Rd7+ Bxd7 25. Rxd7+ Ke6 26. Rxb7 e4 27.
Bxa7 Kd5 28. e3 c5 29. Bf1 cxb4 30. c4+ Rxc4 31. Bxc4+ Kxc4 32. Kf1 Rc8 33. Ke2
b3 34. a6 Bc5 35. Bxc5 Rxc5 36. Kd2 Ra5 37. a7 Ra2+ 38. Kc1 Kc3 39. Rc7+ Kd3
40. Rb7 Ke2 41. Rxh7 Kxf2 42. Rg7 Kxe3 43. Rxg6 Rxa7 44. Kb2 Ra2+ 45. Kxb3 Rxh2
46. Rf6 Rf2 47. Kc3 Rf3 48. Rg6 Kf2+ 49. Kd4 Rxg3 50. Rf6 Rf3 51. Rf8 e3 52.
Rh8 f4 53. Ke4 Kg2 54. Rg8+ Rg3 55. Re8 Rg4 56. Kf5 Kf3 57. Ra8 Rh4 58. Kg5 Rh7
59. Rf8 Rg7+ 60. Kh4 e2 61. Re8 Kf2 62. Re4 0-1

[Event "NATO Chess Championship 2010"]
[Site "Koege"]
[Date "2010.10.22"]
[Round "7.30"]
[White "Narman, Goekhan"]
[Black "Lefevre, Steve"]
[Result "1-0"]
[WhiteElo "2065"]
[BlackElo "1833"]
[PlyCount "75"]
[EventDate "2010.??.??"]

1. d4 d5 2. c4 c6 3. Nf3 Bf5 4. Qb3 Qb6 5. Nc3 Qxb3 6. axb3 e6 7. c5 Nd7 8. b4
a6 9. b5 Nxc5 10. dxc5 Bxc5 11. bxc6 bxc6 12. e3 a5 13. Nd4 Ne7 14. Nxf5 Nxf5
15. Bd3 Nd6 16. O-O O-O 17. e4 d4 18. Na4 Bb4 19. e5 Nc8 20. b3 c5 21. Ba3 Ne7
22. Nxc5 Rac8 23. Bxb4 axb4 24. Ne4 Nd5 25. Bc4 Nc3 26. Nd6 Ra8 27. Rxa8 Rxa8
28. f4 Ra3 29. f5 exf5 30. Bxf7+ Kf8 31. Bc4 g6 32. g4 d3 33. Bxd3 Rxb3 34.
gxf5 gxf5 35. Rxf5+ Ke7 36. Rf7+ Kd8 37. Bf5 Rb2 38. Rd7# 1-0

[Event "NATO Chess Championship 2010"]
[Site "Koege"]
[Date "2010.10.22"]
[Round "7.31"]
[White "Cheung, Jan"]
[Black "Stuhr, Finn"]
[Result "0-1"]
[WhiteElo "2030"]
[BlackElo "1692"]
[PlyCount "27"]
[EventDate "2010.??.??"]
[WhiteTeam "NED"]
[BlackTeam "NATO"]

1. d4 g6 2. c4 b6 3. Nc3 Bg7 4. Nf3 Bb7 5. e4 e6 6. Bg5 Ne7 7. Qd2 c6 8. e5 d6
9. exd6 Qxd6 10. Ne4 Qd7 11. Nf6+ Bxf6 12. Bxf6 O-O 13. Bd3 Qc7 14. Qh6 0-1